Cuestiones fundamentales del marxismo

Guardat en:
Dades bibliogràfiques
Autor principal: Plejanov, J.
Format: Text
Publicat: México D.F.: Editorial de Cultura Popular
Etiquetes: Afegir etiqueta
Sense etiquetes, Sigues el primer a etiquetar aquest registre!

MARC

LEADER 00000 a a2200000 04500
001 24991
003
040
090 |a 176800  
100 |a Plejanov, J.  
245 |a Cuestiones fundamentales del marxismo  
260 |a México D.F.:   |b Editorial de Cultura Popular  
300 |a 188 p  
999 |c 1371  |d 1371